000
00212nam a2200097Ia 4500
008
190216s9999||||xx |||||||||||||| ||und||
100
_a
Nagendra
245
0
_a
Hindi-Kavya Bimba
260
_b
Macmillan
942
_c
BK
999
_c
17731
_d
17731